American historical documents

Salvato in:
Dettagli Bibliografici
Autore principale: Syrett, Harold C (Autore)
Natura: Libro
Lingua:inglese
Pubblicazione: Nueva York Barnes and Noble 1960
Serie:College Outline Series
Soggetti:
Tags: Aggiungi Tag
Nessun Tag, puoi essere il primo ad aggiungerne!!

MARC

LEADER 00000nam a2200000 a 4500
001 UCO1206
003 CL-VaPUC
008 000512e19600000US |||||||||||||||||eng|d
082 0 4 |a 973  |b SYR  |2 21 
100 0 |a Syrett, Harold C  |e author  |9 443104 
245 1 0 |a American historical documents 
300 |a 431 p 
942 |c BK 
945 |d 20000512 00:00:00  |a crobeson 
260 |a Nueva York  |b Barnes and Noble  |c 1960 
650 7 |a HISTORIA ESTADOUNIDENSE  |2 CL-VaPUC  |9 350346 
650 7 |a FUENTES  |2 CL-VaPUC  |9 255666 
650 7 |a DOCUMENTOS  |2 CL-VaPUC  |9 366450 
651 0 |a Estados Unidos  |9 255178 
583 |a last modification  |c 20000512 00:00:00  |k Rodrigo Vera 
490 0 |a College Outline Series 
999 |c 287835  |d 287833 
952 |0 0  |1 0  |4 0  |6 973_000000000000000_SYR_1960  |7 0  |8 A  |9 334896  |a BIBHIS  |b BIBHIS  |d 2019-11-20  |i 1274945  |o 973 SYR 1960  |p 1274945  |r 2025-01-20  |w 2019-11-20  |y BK  |k HIS